000 00601nam a22001937a 4500
005 20251108170931.0
008 250721s1984 xx 000 0 ara d
082 1 4 _a631.7/هان
100 1 _aهانسن، فون أ
245 1 0 _aأسس الري و عملياته /
264 1 _aنيويورك :
_bدار جون وايلي و أبنائه،
_c1984.
300 _a368ص
650 1 7 _aالري
700 1 _aإسرائيليسن، أورسن و
700 1 _aأسترنجهام، جلين
700 1 _aحلمي، علي عبد الحفيظ
_eترجمة
942 _2ddc
_cBK
999 _c52475
_d52475